<?xml version="1.0" encoding="UTF-8"?>
<record
    xmlns:xsi="http://www.w3.org/2001/XMLSchema-instance"
    xsi:schemaLocation="http://www.loc.gov/MARC21/slim http://www.loc.gov/standards/marcxml/schema/MARC21slim.xsd"
    xmlns="http://www.loc.gov/MARC21/slim">

  <leader>03331nam a22003494a 4500</leader>
  <controlfield tag="001">ebr10294882</controlfield>
  <controlfield tag="003">CaPaEBR</controlfield>
  <controlfield tag="006">m        u        </controlfield>
  <controlfield tag="007">cr cn|||||||||</controlfield>
  <controlfield tag="008">080806s2009    nyua    sb    001 0 eng  </controlfield>
  <datafield tag="010" ind1=" " ind2=" ">
    <subfield code="z">  2008034727</subfield>
  </datafield>
  <datafield tag="016" ind1="7" ind2=" ">
    <subfield code="z">101480799</subfield>
    <subfield code="2">DNLM</subfield>
  </datafield>
  <datafield tag="020" ind1=" " ind2=" ">
    <subfield code="z">9781933864105 (hardcover : alk. paper)</subfield>
  </datafield>
  <datafield tag="020" ind1=" " ind2=" ">
    <subfield code="z">1933864109 (hardcover : alk. paper)</subfield>
  </datafield>
  <datafield tag="040" ind1=" " ind2=" ">
    <subfield code="a">CaPaEBR</subfield>
    <subfield code="c">CaPaEBR</subfield>
  </datafield>
  <datafield tag="035" ind1=" " ind2=" ">
    <subfield code="a">(OCoLC)327907687</subfield>
  </datafield>
  <datafield tag="050" ind1="1" ind2="4">
    <subfield code="a">RC372</subfield>
    <subfield code="b">.N66 2009eb</subfield>
  </datafield>
  <datafield tag="082" ind1="0" ind2="4">
    <subfield code="a">616.8/53</subfield>
    <subfield code="2">22</subfield>
  </datafield>
  <datafield tag="245" ind1="0" ind2="0">
    <subfield code="a">Nonconvulsive status epilepticus</subfield>
    <subfield code="h">[electronic resource] /</subfield>
    <subfield code="c">edited by Peter W. Kaplan, Frank W. Drislane.</subfield>
  </datafield>
  <datafield tag="260" ind1=" " ind2=" ">
    <subfield code="a">New York, NY :</subfield>
    <subfield code="b">Demos Medical,</subfield>
    <subfield code="c">c2009.</subfield>
  </datafield>
  <datafield tag="300" ind1=" " ind2=" ">
    <subfield code="a">xi, 303 p. :</subfield>
    <subfield code="b">ill.</subfield>
  </datafield>
  <datafield tag="504" ind1=" " ind2=" ">
    <subfield code="a">Includes bibliographical references and index.</subfield>
  </datafield>
  <datafield tag="505" ind1="0" ind2=" ">
    <subfield code="a">The history of nonconvulsive status epilepticus / Peter W. Kaplan -- The classification of nonconvulsive status epilepticus / Simon Shorvon -- The epidemiology of nonconvulsive status epilepticus / Elizabeth J. Waterhouse -- The electroencephalogram of nonconvulsive status epileticus / Susan T. Herman -- Controversial electroencephalographic patterns and nonconvulsive status epilepticus / Richard P. Brenner -- Imaging in nonconvulsive status epilepticus / Jonathan C. Edwards and Diana Gomez-Hassan -- Pathophysiology of nonconvulsive status epilepticus / Jaideep Kapur -- Frontal lobe nonconvulsive status epilepticus / Pierre Thomas and Benjamin Zifkin -- Parietal lobe nonconvulsive status epilepticus / Jennifer Hopp and Allan Krumholz -- Temporal lobe nonconvulsive status epilepticus / Heinz Gregor Wieser and Michael Fischer -- Occipital lobe nonconvulsive status epilepticus / Barbara C. Jobst, David W. Roberts, and Peter D. Williamson --</subfield>
  </datafield>
  <datafield tag="505" ind1="0" ind2=" ">
    <subfield code="a">Absence status epilepticus / Michael Koutroumanidis -- Nonconvulsive status epilepticus in critically ill and comatose patients in the intensive care unit / Jeffrey Jirsch and Lawrence J. Hirsch -- Nonconvulsive status epilepticus : a mimicker of neurologic disorders / Krzysztof Bujarski and Michael R. Sperling -- Psychiatric manifestations of nonconvulsive status epilepticus / Ada V. Chicharro and Andres M. Kanner -- Nonconvulsive status epilepticus in infants / Christian M. Korff and Douglas R. Nordli, Jr. -- Nonconvulsive status epilepticus in children / James J. Riviello, Jr. -- Nonconvulsive status epilepticus in the elderly / Frank W. Drislane -- Nonconvulsive status epilepticus : special considerations in the mentally retarded / Randa Y. Makhoul and Mohamad A. Mikati -- Principles of treatment of nonconvulsive status epilepticus / Matthew C. Walker -- Prognosis and outcomes of infants and children with nonconvulsive status epilepticus / Alexis Arzimanoglou and Edouard Hirsch -- Prognosis and outcomes of adults with nonconvulsive status epilepticus / Nathan B. Fountain.</subfield>
  </datafield>
  <datafield tag="533" ind1=" " ind2=" ">
    <subfield code="a">Electronic reproduction.</subfield>
    <subfield code="b">Palo Alto, Calif. :</subfield>
    <subfield code="c">ebrary,</subfield>
    <subfield code="d">2013.</subfield>
    <subfield code="n">Available via World Wide Web.</subfield>
    <subfield code="n">Access may be limited to ebrary affiliated libraries.</subfield>
  </datafield>
  <datafield tag="650" ind1=" " ind2="0">
    <subfield code="a">Epilepsy.</subfield>
  </datafield>
  <datafield tag="655" ind1=" " ind2="7">
    <subfield code="a">Electronic books.</subfield>
    <subfield code="2">local</subfield>
  </datafield>
  <datafield tag="700" ind1="1" ind2=" ">
    <subfield code="a">Kaplan, Peter W.,</subfield>
    <subfield code="d">1951-</subfield>
  </datafield>
  <datafield tag="700" ind1="1" ind2=" ">
    <subfield code="a">Drislane, Frank.</subfield>
  </datafield>
  <datafield tag="710" ind1="2" ind2=" ">
    <subfield code="a">ebrary, Inc.</subfield>
  </datafield>
  <datafield tag="856" ind1="4" ind2="0">
    <subfield code="u">http://site.ebrary.com/lib/rucke/Doc?id=10294882</subfield>
    <subfield code="z">An electronic book accessible through the World Wide Web; click to view</subfield>
  </datafield>
  <datafield tag="999" ind1=" " ind2=" ">
    <subfield code="c">76657</subfield>
    <subfield code="d">76657</subfield>
  </datafield>
</record>
